000 00599nam a22001937a 4500
003 OSt
005 20160628154736.0
008 160628b xxu||||| |||| 00| 0 eng d
020 _a0333366018
040 _c040a
082 _aWA 546
_b633a
100 _aAmonoo-Lartson, R...{etal}
_99708
245 _aDistrict health care :
_bchallenges for planning, organisation and evaluation in developing countries /
_cR. Amonoo-Lartson...{etal}
260 _aLondon
_bMacmillan press
_c1984
300 _ax, 208p;
_bill :
_c12 cm
504 _aIncludes index
650 _aHealth care
_912
942 _2z
_cO_SHELF
999 _c4528
_d4528